Normal view
MARC view
- Supervisor: Dr. Asim Aziz
Entry Personal Name
001 - CONTROL NUMBER
- control field: 127547
003 - CONTROL NUMBER IDENTIFIER
- control field: NUST
005 - DATE AND TIME OF LATEST TRANSACTION
- control field: 20250114104144.0
008 - FIXED-LENGTH DATA ELEMENTS
- fixed length control field: 250114|| aca||aabn | a|a d
040 ## - CATALOGING SOURCE
- Original cataloging agency: NUST
- Transcribing agency: NUST
100 ## - HEADING--PERSONAL NAME
- Personal name: Supervisor: Dr. Asim Aziz
670 ## - SOURCE DATA FOUND
- Source citation: Work cat.: (NUST): Saba Javaid 127546, Mathematical Modeling and Exact Solutions for Non-Newtonian Nano uids and Financial Mathematics
